000 00596nam a22001817a 4500
005 20251108164658.0
008 250721s1993 xx 000 0 ara d
082 1 4 _a811.093/محم
100 1 _aعبد الخالق، محمد فريد
245 1 0 _aمأساة المسلمين في البوسنة و الهرسك :
_bملحمة شعرية /
264 1 _aالقاهرة :
_bالزهراء للإعلام،
_c1993.
300 _a93 ص
650 1 7 _aالشعر الملحمي
650 1 7 _aالمسلمون
650 1 7 _aالبوسنه و الهرسك
942 _2ddc
_cBK
999 _c11657
_d11657